| 000 | 00667nam a22001937a 4500 | ||
|---|---|---|---|
| 999 |
_c197303 _d197303 |
||
| 005 | 20230821145456.0 | ||
| 010 | _aUR-12141 | ||
| 020 |
_a9789394616558 _c350.00 |
||
| 035 | _aU-10696 | ||
| 037 | _bDBAD/PUB | ||
| 082 | _a921 | ||
| 100 | _aشمس کمال انجم | ||
| 245 |
_aشمس العاماء : _bڈپٹی نذ یر احمد / _cشمس کمال انجم |
||
| 246 |
_aShamsul Ulama Deputy Nazeer Ahmed / _bby Shams Kamal Anjum |
||
| 260 |
_aNew Delhi _bEducational Publishing House _c2022 ء |
||
| 270 |
_aH.O. D1/16, Ansari Road, Darya Ganj _bNew Delhi _e110002 |
||
| 300 |
_a184 ص _c23cm(Hb) |
||
| 942 |
_2ddc _cUR _mش م س _e _h921 |
||